Southville International School and Colleges
Your cart is empty.
  • Cart
  • Lists
    Public lists Eva Luna New books Lux_list list_1
    Your lists Log in to create your own lists
  • Log in to your account
  • Your cookies
  • Search history
Southville International School and Colleges
  • Advanced search
  • Recent comments
  • Most popular
  • Libraries

Log in to your account

Log in with GOOGLE


If you do not have an external account, but do have a local account, you can still log in:

  1. Home
  2. MARC view: Empires besieged :
Normal view MARC view ISBD view

Empires besieged : (Record no. 3796)

[ view plain ]
MARC details
000 -LEADER
fixed length control field 01011nam a2200361 a 4500
001 - CONTROL NUMBER
control field 00320148
003 - CONTROL NUMBER IDENTIFIER
control field OSt
005 - DATE AND TIME OF LATEST TRANSACTION
control field 20140310181806.0
008 - FIXED-LENGTH DATA ELEMENTS--GENERAL INFORMATION
fixed length control field 920330s1988 ne ab b 00100 eng
020 ## - INTERNATIONAL STANDARD BOOK NUMBER
International Standard Book Number 0705409740
035 ## - SYSTEM CONTROL NUMBER
System control number CUW000237199
049 ## - LOCAL HOLDINGS (OCLC)
Holding library ul
050 ## - LIBRARY OF CONGRESS CALL NUMBER
Classification number D 62
Item number .T583 1991
082 00 - DEWEY DECIMAL CLASSIFICATION NUMBER
Classification number REF 930.19
Item number Em7 1988
245 00 - TITLE STATEMENT
Title Empires besieged :
Remainder of title AD 200-600 /
Statement of responsibility, etc by the editors of Time-Life Books.
260 0# - PUBLICATION, DISTRIBUTION, ETC. (IMPRINT)
Place of publication, distribution, etc Amsterdam :
Name of publisher, distributor, etc Time-Life Books,
Date of publication, distribution, etc c1988.
300 ## - PHYSICAL DESCRIPTION
Extent 176 p. :
Other physical details col. ill., col. maps ;
Dimensions 28 cm.
440 #0 - SERIES STATEMENT/ADDED ENTRY--TITLE
Title Time-Life history of the world.
500 ## - GENERAL NOTE
General note Includes bibliographical references.
504 ## - BIBLIOGRAPHY, ETC. NOTE
Bibliography, etc Bibliography: p. 170-172.
520 ## - SUMMARY, ETC.
Summary, etc 1. History, Ancient.
521 ## - TARGET AUDIENCE NOTE
Target audience note
541 ## - IMMEDIATE SOURCE OF ACQUISITION NOTE
-- 1
541 ## - IMMEDIATE SOURCE OF ACQUISITION NOTE
-- 2
541 ## - IMMEDIATE SOURCE OF ACQUISITION NOTE
-- 3
562 ## - COPY AND VERSION IDENTIFICATION NOTE
Number of copies 3
650 #0 - SUBJECT ADDED ENTRY--TOPICAL TERM
Topical term or geographic name as entry element History, Ancient.
710 2# - ADDED ENTRY--CORPORATE NAME
Corporate name or jurisdiction name as entry element Time-Life Books.
910 ## - USER-OPTION DATA (OCLC)
User-option data CKC:GS:920330
942 ## - ADDED ENTRY ELEMENTS (KOHA)
Source of classification or shelving scheme Library of Congress Classification
Koha item type
Call number prefix
949 ## - LOCAL PROCESSING INFORMATION (OCLC)
a ul
b 000320148
t mono
Holdings
Withdrawn status Lost status Source of classification or shelving scheme Damaged status Home library Current library Shelving location Date acquired Total Checkouts Full call number Barcode Date last seen Copy number Price effective from Koha item type
    Library of Congress Classification   Luxembourg Library Luxembourg Library Reference Section 07/04/2013   D 62 .T583 1988 6494 05/27/2015 1 07/04/2013 Books
    Library of Congress Classification   Luxembourg Library Luxembourg Library Reference Section 07/04/2013   D 62 .T583 1988 9271 08/13/2013 2 07/04/2013 Books
    Library of Congress Classification   Luxembourg Library Luxembourg Library Reference Section 07/04/2013   D 62 .T583 1988 6495 05/27/2015 3 07/04/2013 Books

Empires besieged :

APA

Time-Life Books, . (1988). Empires besieged. Amsterdam: Time-Life Books.

Chicago

Time-Life Books, . 1988. Empires besieged. Amsterdam: Time-Life Books.

Harvard

Time-Life Books, . (1988). Empires besieged. Amsterdam: Time-Life Books.

MLA

Time-Life Books, . Empires besieged. Amsterdam: Time-Life Books. 1988.

  • Print
  • Cite
  • Add to your cart (remove)
  • Save record
    BIBTEX Dublin Core MARCXML MARC (non-Unicode/MARC-8) MARC (Unicode/UTF-8) MARC (Unicode/UTF-8, Standard) MODS (XML) RIS
  • More searches
    Search for this title in:
    Other Libraries (WorldCat) Other Databases (Google Scholar) Online Stores (Bookfinder.com) Open Library (openlibrary.org)

Exporting to Dublin Core...

SOUTHVILLE LIBRARY

Southville International School and Colleges Library

1281 Tropical Ave. Cor. Luxembourg St., BF Homes International, Las Pinas City

Tel. No. 8256374 / 252358 Loc. 117/146

Powered by Koha